00454nam a2200157Ia 450000500170000000800410001708200130005810000220007124500260009326000380011930000120015765000130016994200060018295200950018899900130028320250514013645.0240331s9999 xx 000 0 und d a294bJAY aJayathilake , D.B 0aSaddhrma Rathnawaliya aColombobM.D.Gunasena Booksc1979 a69 p ., aBuddisum cL 001040708LaWERCLbWERCLcSSCd2024-03-31l0o 294 JAYp1070r2024-03-31w2024-03-31yL c894d894